000 01827nam a2200337Ia 4500
003 CO-CtgCURN
005 20250410161412.0
008 190725s2012 xx f 000 0 und d
020 _a9788480868747 (obra completa)
020 _a9788480868723 (vol. 2)
040 _aCO-CtgCURN
_bspa
_ccoctgcurn
082 _a611
_bS677o
245 0 _aSobotta :
_batlas de anatomía humana : órganos internos /
_ceditores., Friedrich Paulsen, Jens Waschke; traducción y revisión científica., Bruno Gotzens de José María, Víctor Gotzens García
250 _a23 edición
260 _aBarcelona, España :
_bElsevier,
_c2012
300 _a264 páginas :
_bimágenes ;
_c32 centímetros
500 _aTítulo original: Atlas der Anatomie des Menschen. Kopf, Hals und Neuroanatomie.
500 _aIncluye prólogo e índices
505 _a1. Vísceras torácicas -- Corazón -- Pulmón -- Esófago -- Timo -- Topografía -- 2. Vísceras abdominales -- Desarrollo -- Estomago -- intestino -- Hígado y vesícula biliar -- Páncreas -- Bazo -- Topografías -- Secciones -- 3. Pelvis y espacio retroperitoneal -- Riñón y glándula suprarrenal -- Vías urinarias -- Órganos genitales -- Recto y conducto anal -- Topografía -- Secciones.
521 _aAREA PROFESIONAL
546 _aTraducido del Alemán
590 _aPrograma de Enfermería_27
650 _aanatomía humana
_93281
700 _aPaulsen, Friedrich
_eeditor
_eprólogo
700 _aWaschke, Jens
_eeditor
_eprólogo
700 _aGotzens de José María, Bruno
_etraduccion
_erevisión científica
700 _aGotzens García, Víctor
_etraducción
_erevisión científica
942 _cBK
_h611
_iS677o
_2ddc
_n0
999 _c30095
_d30095